| 000 | 00619nam a2200241Ia 4500 | ||
|---|---|---|---|
| 003 | OSt | ||
| 005 | 20220918223816.0 | ||
| 006 | a|||||r|||| 00| 0 | ||
| 007 | ta | ||
| 008 | 220917b |||||||| |||| 00| 0 eng d | ||
| 024 | _a225,232 | ||
| 037 | _cTextual | ||
| 040 |
_aARTS _cARTS _beng |
||
| 041 |
_2eng _aeng |
||
| 082 | _aW4.P<-B, P1 | ||
| 100 |
_aSpellman W.M. _9142054 |
||
| 245 | 0 | _aMonarchies 1000 - 2000 | |
| 260 |
_aLondon _bReaktion Books _c2005 |
||
| 300 |
_a312p. _ccm. |
||
| 650 | _aPOLITICAL SCIENCE | ||
| 942 |
_hW4.P<-B, P1 _cTEXL _2CC |
||
| 999 |
_c279515 _d279515 |
||